[Event "31. Torneo San Viator 2019"]
[Site "Madrid ESP"]
[Date "2019.10.27"]
[Round "7.5"]
[White "Luque Ibanes, Manuel"]
[Black "Gil Sierra, Jacinto"]
[Result "1-0"]
[WhiteElo "1972"]
[BlackElo "1952"]
[PlyCount "101"]
[EventDate "2019.09.08"]
[EventType "swiss"]
[EventRounds "9"]
[EventCountry "ESP"]
[SourceTitle "Ajedrez en Madrid"]
[Source "lmi"]
[SourceDate "2019.09.08"]
[SourceVersion "1"]
[SourceVersionDate "2019.10.29"]
[SourceQuality "1"]

1. Nf3 d5 2. d4 Nf6 3. Bf4 e6 4. e3 Bd6 5. Bg3 O-O 6. Bd3 b6 7. Ne5 c5 8. c3
Ne4 9. f3 Nxg3 10. hxg3 g6 11. f4 Ba6 12. Bc2 Bxe5 13. dxe5 Nc6 14. Nd2 d4 15.
Ne4 Kg7 16. exd4 cxd4 17. Nf6 h6 18. Qg4 Rh8 19. O-O-O Qc7 20. Kb1 Rad8 21. Qf3
dxc3 22. Qxc3 Qc8 23. Be4 Ne7 24. Qf3 Qc4 25. Rc1 Qa4 26. Rc7 Nf5 27. Rhc1 Rc8
28. Bxf5 gxf5 29. Nh5+ Kg6 30. g4 Qe4+ 31. Qxe4 fxe4 32. Rxc8 Rxc8 33. Rxc8
Bxc8 34. Kc1 Ba6 35. Kd2 Bf1 36. g3 Bg2 37. Ke3 Bf3 38. Nf6 Kg7 39. b4 Kg6 40.
a3 a5 41. b5 Bd1 42. Kxe4 Ba4 43. Nd7 Bxb5 44. Nxb6 Be2 45. Ke3 Bxg4 46. Nc4
Kf5 47. Nxa5 Bd1 48. Nc4 f6 49. Kd4 fxe5+ 50. fxe5 h5 51. Ne3+ 1-0

[Event "31. Torneo San Viator 2019"]
[Site "Madrid ESP"]
[Date "2019.10.27"]
[Round "7.6"]
[White "Tenorio Garcia, Joel"]
[Black "Muñoz Cebey, Ricardo"]
[Result "0-1"]
[WhiteElo "1841"]
[BlackElo "1845"]
[PlyCount "102"]
[EventDate "2019.09.08"]
[EventType "swiss"]
[EventRounds "9"]
[EventCountry "ESP"]
[SourceTitle "Ajedrez en Madrid"]
[Source "lmi"]
[SourceDate "2019.09.08"]
[SourceVersion "1"]
[SourceVersionDate "2019.10.29"]
[SourceQuality "1"]

1. e4 c6 2. d4 d5 3. exd5 cxd5 4. Bd3 Nc6 5. c3 Qc7 6. Na3 a6 7. Nc2 Nf6 8. h3
g6 9. Nf3 Bg7 10. O-O Bf5 11. Bxf5 gxf5 12. Nh4 e6 13. Re1 O-O 14. Ne3 Qd7 15.
g4 fxg4 16. hxg4 Rae8 17. g5 Ne4 18. Qg4 Qd8 19. Neg2 e5 20. Nf5 exd4 21. Nxg7
Kxg7 22. f3 Nd6 23. cxd4 Rxe1+ 24. Nxe1 Re8 25. Bd2 Re2 26. Bc3 Qe7 27. Qf4 Nb5
28. Ng2 Nxc3 29. bxc3 Kg8 30. a4 Nd8 31. Nh4 Qe3+ 32. Qxe3 Rxe3 33. Rc1 Re2 34.
c4 dxc4 35. Rxc4 Rd2 36. Nf5 Kf8 37. Kf1 Ke8 38. Ke1 Ra2 39. d5 Kd7 40. f4 Rb2
41. Re4 b5 42. axb5 axb5 43. Kd1 Nb7 44. Re7+ Kc8 45. Rxf7 Rh2 46. Nh6 Nd6 47.
Rxh7 Ne4 48. g6 Nc3+ 49. Kc1 Na2+ 50. Kb1 Nc3+ 51. Ka1 Ra2# 0-1

[Event "31. Torneo San Viator 2019"]
[Site "Madrid ESP"]
[Date "2019.10.27"]
[Round "7.7"]
[White "Garcia Martin, Esteban"]
[Black "Sanchez Hernandez, Alvaro"]
[Result "0-1"]
[WhiteElo "1875"]
[BlackElo "1765"]
[PlyCount "104"]
[EventDate "2019.09.08"]
[EventType "swiss"]
[EventRounds "9"]
[EventCountry "ESP"]
[SourceTitle "Ajedrez en Madrid"]
[Source "lmi"]
[SourceDate "2019.09.08"]
[SourceVersion "1"]
[SourceVersionDate "2019.10.29"]
[SourceQuality "1"]

1. c4 Nf6 2. Nc3 c5 3. g3 Nc6 4. Bg2 g6 5. e4 d6 6. Nge2 Bg7 7. O-O O-O 8. h3
Rb8 9. d3 Bd7 10. Be3 Qc8 11. Kh2 a6 12. a4 Nb4 13. Rc1 Qe8 14. e5 dxe5 15.
Bxc5 Nc6 16. b4 b6 17. Bxc6 Bxc6 18. Be3 Nh5 19. f4 exf4 20. Nxf4 Nxf4 21. Bxf4
e5 22. Be3 Qe6 23. b5 axb5 24. axb5 Bd7 25. Qg4 f5 26. Qf3 f4 27. gxf4 exf4 28.
Bd2 g5 29. Qd5 Qxd5 30. Nxd5 Rfe8 31. Rce1 Bd4 32. Bb4 Kf7 33. Nc7 Re3 34. Rxe3
Bxe3 35. Bd6 Rd8 36. Nd5 Bxh3 37. Kxh3 Rxd6 38. Nxe3 Rxd3 39. Kg4 Kg6 40. Re1
fxe3 41. Kf3 Kf5 42. Rc1 g4+ 43. Ke2 Ke4 44. c5 Rd2+ 45. Ke1 g3 46. Kf1 bxc5
47. Rb1 Kf3 48. b6 e2+ 49. Ke1 Rd1+ 50. Rxd1 exd1=Q+ 51. Kxd1 g2 52. b7 g1=Q+
0-1

[Event "31. Torneo San Viator 2019"]
[Site "Madrid ESP"]
[Date "2019.10.27"]
[Round "7.8"]
[White "Barahona Torrijos, Angel"]
[Black "Rojo Jorge, Luis"]
[Result "1-0"]
[WhiteElo "1862"]
[BlackElo "1788"]
[PlyCount "53"]
[EventDate "2019.09.08"]
[EventType "swiss"]
[EventRounds "9"]
[EventCountry "ESP"]
[SourceTitle "Ajedrez en Madrid"]
[Source "lmi"]
[SourceDate "2019.09.08"]
[SourceVersion "1"]
[SourceVersionDate "2019.10.29"]
[SourceQuality "1"]

1. d4 Nf6 2. Bg5 g6 3. Nd2 d5 4. c4 Bg7 5. Ngf3 O-O 6. e3 c5 7. cxd5 Nxd5 8. e4
Nc7 9. Nb3 Ne6 10. Be3 cxd4 11. Nfxd4 Na6 12. Bc4 Nec5 13. O-O Nxe4 14. Qf3
Nac5 15. Rfd1 Qc7 16. Rac1 Qb6 17. Nxc5 Bxd4 18. Bxd4 Nxc5 19. Qe3 Re8 20. Qh6
e5 21. Bxc5 Qxb2 22. Be7 Qb6 23. Rd6 Rxe7 24. Rxb6 axb6 25. h4 Bf5 26. g4 Bxg4
27. Qg5 1-0

[Event "31. Torneo San Viator 2019"]
[Site "Madrid ESP"]
[Date "2019.10.27"]
[Round "7.9"]
[White "Ramos Isasi, Jose"]
[Black "Linares Leyva, David"]
[Result "0-1"]
[WhiteElo "1767"]
[BlackElo "1805"]
[PlyCount "70"]
[EventDate "2019.09.08"]
[EventType "swiss"]
[EventRounds "9"]
[EventCountry "ESP"]
[SourceTitle "Ajedrez en Madrid"]
[Source "lmi"]
[SourceDate "2019.09.08"]
[SourceVersion "1"]
[SourceVersionDate "2019.10.29"]
[SourceQuality "1"]

1. d4 Nf6 2. c4 e6 3. Nc3 d5 4. Nf3 c5 5. e3 a6 6. Bd3 dxc4 7. Bxc4 b5 8. Bd3
Bb7 9. O-O Nbd7 10. b3 cxd4 11. Nxd4 Bb4 12. Bb2 Rc8 13. Rc1 Qa5 14. Nde2 O-O
15. Bb1 Rfd8 16. Qd4 Nc5 17. Qh4 Rd2 18. Nd1 Rxb2 19. Nxb2 Ba3 20. Rc2 Be4 21.
Rxc5 Rxc5 22. Bxe4 Bxb2 23. b4 Rh5 24. Qf4 Qd8 25. Bf3 Be5 26. Bxh5 Bxf4 27.
Nxf4 e5 28. Rd1 Qb8 29. Nd5 Nxd5 30. Rxd5 g6 31. Be2 Qc7 32. Rc5 Qd6 33. g3 Qd2
34. Bf3 Qxa2 35. Rxe5 Qa1+ 0-1

[Event "31. Torneo San Viator 2019"]
[Site "Madrid ESP"]
[Date "2019.10.27"]
[Round "7.10"]
[White "Bernal Zajarov, Mateo"]
[Black "Alvarez Poves, Jesus"]
[Result "0-1"]
[WhiteElo "1636"]
[BlackElo "1794"]
[PlyCount "60"]
[EventDate "2019.09.08"]
[EventType "swiss"]
[EventRounds "9"]
[EventCountry "ESP"]
[SourceTitle "Ajedrez en Madrid"]
[Source "lmi"]
[SourceDate "2019.09.08"]
[SourceVersion "1"]
[SourceVersionDate "2019.10.29"]
[SourceQuality "1"]

1. d4 Nf6 2. c4 e6 3. a3 b6 4. Nf3 Bb7 5. Nc3 d5 6. e3 Be7 7. Bd3 O-O 8. cxd5
exd5 9. O-O Nbd7 10. Qc2 c5 11. Re1 Rc8 12. Qb1 Re8 13. Bd2 a6 14. a4 Nf8 15.
Nh4 g6 16. Nf3 Ne6 17. Ne2 Ne4 18. Bxe4 dxe4 19. Ne5 f6 20. Ng4 h5 21. Nf4 Nxf4
22. exf4 hxg4 23. Bc3 cxd4 24. Rd1 d3 25. Qc1 Bc5 26. Qd2 Bd5 27. Bb4 Bb3 28.
Re1 Bd4 29. Bc3 Bxc3 30. bxc3 Qc7 0-1

[Event "31. Torneo San Viator 2019"]
[Site "Madrid ESP"]
[Date "2019.10.27"]
[Round "7.11"]
[White "Tudela Garcia, Antonio"]
[Black "Ramos Antona, Enrique"]
[Result "1/2-1/2"]
[WhiteElo "1582"]
[BlackElo "1486"]
[PlyCount "73"]
[EventDate "2019.09.08"]
[EventType "swiss"]
[EventRounds "9"]
[EventCountry "ESP"]
[SourceTitle "Ajedrez en Madrid"]
[Source "lmi"]
[SourceDate "2019.09.08"]
[SourceVersion "1"]
[SourceVersionDate "2019.10.29"]
[SourceQuality "1"]

1. e4 d6 2. d4 Nf6 3. Bd3 g6 4. Bg5 Bg7 5. Ne2 Nbd7 6. Qd2 e5 7. h4 h6 8. Bxf6
Bxf6 9. dxe5 Nxe5 10. Nbc3 Nxd3+ 11. Qxd3 Bxh4 12. g3 Bf6 13. O-O-O Be6 14. Nd4
Qe7 15. Nxe6 Qxe6 16. e5 Be7 17. Qb5+ Kf8 18. exd6 Bxd6 19. Qxb7 Kg7 20. Rhe1
Qf5 21. Qd5 Qxd5 22. Nxd5 Rhe8 23. Rxe8 Rxe8 24. Kd2 c6 25. Ne3 Bc5 26. Re1
Rd8+ 27. Ke2 h5 28. Rd1 Rxd1 29. Nxd1 Kf6 30. Ne3 Bxe3 31. Kxe3 Kf5 32. b4 g5
33. Kf3 Ke5 34. Ke3 f5 35. c4 h4 36. gxh4 gxh4 37. c5 1/2-1/2